000 00663nam a2200253Ia 4500
008 171120s9999 xx 000 0 und d
020 _a8183411967
050 _a423.1
050 _bR479 2005
100 _aRhymes, Aena
245 2 _aA book of synonyms & antonyms /
245 _cby Aena Rhymes.
260 _aDelhi :
260 _bRohan Book Company,
260 _c2005
300 _a524 pages :
300 _billustrations ;
300 _c21cm.
650 _aEnglish language --
650 _aEnglish language --
650 _xHomonyms -- Juvenile literature.
650 _xSynonyms and antonyms -- Juvenile literature.
700 _aTitle.
999 _c345043
_d345043